[Event "Chioggia op-B 14th"]
[Site "Chioggia"]
[Date "2019.10.06"]
[Round "5"]
[White "Giraldi, Edoardo"]
[Black "Casadio, Lorenzo"]
[Result "1/2-1/2"]
[WhiteElo "1579"]
[BlackElo "1823"]
[PlyCount "94"]
[EventDate "2019.10.04"]
[EventType "swiss"]
[EventRounds "5"]
[EventCountry "ITA"]
[SourceTitle "EXT 2022"]
[Source "ChessBase"]
[SourceDate "2021.10.06"]
[SourceVersion "1"]
[SourceVersionDate "2021.10.06"]
[SourceQuality "1"]

1. e4 c5 2. Nf3 Nc6 3. d4 cxd4 4. Nxd4 Nf6 5. Nc3 e5 6. Ndb5 d6 7. Bg5 a6 8. Na3 b5 9. Nd5 Be7 10. Bxf6 Bxf6 11. c3 0-0 12. Bd3 Be6 13. Be2 Ne7 14. Nxf6+ gxf6 15. 0-0 f5 16. exf5 Nxf5 17. Nc2 Ne7 18. Ne3 f5 19. f4 Qb6 20. Kh1 Qxe3 21. Qxd6 Qxe2 22. Qxe6+ Rf7 23. Rf3 Kf8 24. Qh6+ Ke8 25. fxe5 Qxe5 26. Re3 Qf6 27. Qf4 Kf8 28. Rae1 Rd8 29. Qf2 Rd6 30. Qf3 Nd5 31. Re8+ Kg7 32. Rd1 Rfd7 33. Qg3+ Qg6 34. Qe5+ Qf6 35. Qg3+ Qg6 36. Qe5+ Kh6 37. Rd3 Qf6 38. Rg8 Rg7 39. Qxf6+ Rxf6 40. Rxg7 Kxg7 41. Rxd5 Re6 42. h3 Re2 43. Rd6 a5 44. Ra6 a4 45. c4 bxc4 46. Rxa4 Rxb2 47. Rxc4 Rxa2 1/2-1/2

[Event "Chioggia op-B 14th"]
[Site "Chioggia"]
[Date "2019.10.05"]
[Round "3"]
[White "Scarpa, Claudia"]
[Black "Casadio, Lorenzo"]
[Result "1-0"]
[WhiteElo "1762"]
[BlackElo "1823"]
[PlyCount "79"]
[EventDate "2019.10.04"]
[EventType "swiss"]
[EventRounds "5"]
[EventCountry "ITA"]
[SourceTitle "EXT 2022"]
[Source "ChessBase"]
[SourceDate "2021.10.06"]
[SourceVersion "1"]
[SourceVersionDate "2021.10.06"]
[SourceQuality "1"]

1. e4 c5 2. c3 Nf6 3. e5 Nd5 4. d4 cxd4 5. cxd4 Nc6 6. Nf3 d6 7. exd6 Qxd6 8. Be2 Bf5 9. 0-0 g6 10. Na3 Bg7 11. Nb5 Qd7 12. Bc4 Nb6 13. Bf4 0-0 14. Be2 a6 15. Nc3 Nxd4 16. Nxd4 Qxd4 17. Qxd4 Bxd4 18. Bf3 Nc4 19. Nd5 e5 20. Bh6 Rfb8 21. Ne7+ Kh8 22. Bd5 Be6 23. Bxe6 fxe6 24. Rac1 Nxb2 25. Rc7 Nd3 26. Bg5 e4 27. Rc4 Bg7 28. Rxe4 Nc5 29. Rc4 b6 30. Be3 Re8 31. Bxc5 bxc5 32. Nc6 Bf8 33. Rb1 Rec8 34. Rb6 h5 35. Ne5 Kg7 36. Rxe6 Re8 37. Rxg6+ Kh7 38. Rg5 h4 39. Rxh4+ Bh6 40. Rg6 1-0

[Event "Chioggia op-B 14th"]
[Site "Chioggia"]
[Date "2019.10.04"]
[Round "1"]
[White "Belloni, Umberto"]
[Black "Casadio, Lorenzo"]
[Result "1/2-1/2"]
[WhiteElo "1630"]
[BlackElo "1823"]
[PlyCount "85"]
[EventDate "2019.10.04"]
[EventType "swiss"]
[EventRounds "5"]
[EventCountry "ITA"]
[SourceTitle "EXT 2022"]
[Source "ChessBase"]
[SourceDate "2021.10.06"]
[SourceVersion "1"]
[SourceVersionDate "2021.10.06"]
[SourceQuality "1"]

1. d4 Nf6 2. c3 d5 3. Bg5 e6 4. e3 Be7 5. Bxf6 Bxf6 6. f4 Bh4+ 7. g3 Be7 8. Nf3 0-0 9. Nbd2 c5 10. Bd3 Nc6 11. h4 f5 12. Ng5 c4 13. Qh5 h6 14. Be2 Qe8 15. Qxe8 Rxe8 16. Nh3 Bd7 17. Nf2 b5 18. g4 b4 19. g5 bxc3 20. bxc3 Ba3 21. Rb1 Rab8 22. 0-0 Rb2 23. Rxb2 Bxb2 24. Nd1 Bc1 25. Nf3 Rb8 26. gxh6 gxh6 27. Kf2 Rb6 28. Rg1+ Kh7 29. Ne5 Nxe5 30. fxe5 Be8 31. Kf3 Ra6 32. Kf4 Rxa2 33. Bf3 Rc2 34. Bxd5 exd5 35. Kxf5 a5 36. Kf6 Rd2 37. e6 Rh2 38. Rg7+ Kh8 39. Re7 Ba4 40. Rd7 Bxd1 41. Rd8+ Kh7 42. Rd7+ Kh8 43. Rd8+ 1/2-1/2

[Event "Caldaro Puntay op-A 1st"]
[Site "Caldaro"]
[Date "2016.10.22"]
[Round "3"]
[White "De Nisi, Roberta"]
[Black "Casadio, Lorenzo"]
[Result "1/2-1/2"]
[WhiteElo "1852"]
[BlackElo "1939"]
[PlyCount "46"]
[EventDate "2016.10.21"]
[EventType "swiss"]
[EventRounds "5"]
[EventCountry "ITA"]
[SourceTitle "EXT 2018"]
[Source "ChessBase"]
[SourceDate "2017.10.13"]
[SourceVersion "1"]
[SourceVersionDate "2017.10.13"]
[SourceQuality "1"]

1. d4 Nf6 2. c4 c5 3. d5 b5 4. cxb5 a6 5. b6 e6 6. Nc3 Qxb6 7. e4 Be7 8. Rb1 0-0 9. Bc4 exd5 10. exd5 d6 11. Nge2 Nbd7 12. 0-0 Ne5 13. Bd3 Bb7 14. Bc2 Rfe8 15. Ng3 h6 16. Nh5 Qb4 17. Nxf6+ Bxf6 18. Ne4 Be7 19. Nc3 Qh4 20. Bf5 g6 21. g3 Qf6 22. Be4 Bf8 23. Bg2 Bc8 1/2-1/2